[Event "Dutch Open 2010"]
[Site "Dieren NED"]
[Date "2010.03.08"]
[Round "8.18"]
[White "Stjazhkina, Olga"]
[Black "De Wilde, Rik"]
[Result "0-1"]
[WhiteElo "2273"]
[BlackElo "1956"]
[PlyCount "66"]
[EventDate "2010.07.27"]
[EventType "swiss"]
[EventRounds "9"]
[EventCountry "NED"]
[Source "lmi"]
[SourceDate "2010.07.27"]

1. e4 e6 2. d4 d5 3. Nd2 Nf6 4. e5 Nfd7 5. c3 c5 6. Bd3 Nc6 7. Ne2 cxd4 8. cxd4
f6 9. exf6 Nxf6 10. Nf3 Bd6 11. O-O Qc7 12. Bg5 O-O 13. Bh4 g6 14. Bg3 Nh5 15.
Nc3 Nxg3 16. hxg3 Qg7 17. Bc2 Bd7 18. Qd2 Rxf3 19. gxf3 Nxd4 20. Kg2 Rf8 21. f4
Bc6 22. f3 e5 23. Rae1 exf4 24. g4 h5 25. gxh5 Nf5 26. Re6 gxh5+ 27. Kh2 Qg3+
28. Kh1 Qh3+ 29. Kg1 Bc5+ 30. Rf2 Qg3+ 31. Kf1 Bxf2 32. Bxf5 Qg1+ 33. Ke2 Rxf5
0-1

[Event "Dutch Open 2010"]
[Site "Dieren NED"]
[Date "2010.03.08"]
[Round "8.19"]
[White "Sprangers, Remco"]
[Black "Kollen, Zyon"]
[Result "0-1"]
[WhiteElo "2260"]
[BlackElo "2002"]
[PlyCount "142"]
[EventDate "2010.07.27"]
[EventType "swiss"]
[EventRounds "9"]
[EventCountry "NED"]
[Source "lmi"]
[SourceDate "2010.07.27"]

1. e4 e6 2. d4 d5 3. Nc3 Bb4 4. e5 c5 5. a3 Bxc3+ 6. bxc3 Qa5 7. Bd2 Qa4 8. Qg4
g6 9. Qd1 b6 10. h4 Ba6 11. Bxa6 Nxa6 12. h5 Ne7 13. Ne2 Kd7 14. Bg5 Qc4 15.
Bf6 Rhf8 16. Qd3 Qxd3 17. cxd3 Rac8 18. Kd2 Nc6 19. hxg6 hxg6 20. Rh7 cxd4 21.
cxd4 Rc7 22. Rb1 Kc8 23. Ke3 Na5 24. Nf4 Kb7 25. Nh3 Nb8 26. Ng5 Nbc6 27. g4
Kc8 28. Rg7 Nb7 29. Rh1 b5 30. Rc1 Nbd8 31. Rh7 Kb7 32. Rb1 Kb6 33. Rhh1 a5 34.
Rb2 Na7 35. Nf3 Ndc6 36. Nd2 Nb8 37. f4 Na6 38. Rh7 b4 39. axb4 axb4 40. Nb3
Nb5 41. Rh1 Rfc8 42. Ra1 Rc3 43. Be7 Rh8 44. f5 Rh3+ 45. Kf4 Rhxd3 46. Rba2 Na3
47. Nc1 Rxd4+ 48. Kg5 gxf5 49. gxf5 Rf3 50. Bd8+ Kb5 51. Kf6 Rxf5+ 52. Ke7 Rd1
53. Rb2 Ka4 54. Nb3 Rxa1 55. Nxa1 Nc5 56. Bc7 Rf1 57. Bd6 Nd3 58. Ra2 d4 59.
Rd2 Rxa1 60. Rxd3 Nc2 61. Bc5 Ra3 62. Rd1 Rf3 63. Kd6 b3 64. Rb1 Na3 65. Rd1
Nc4+ 66. Kc6 Nxe5+ 67. Kb6 Nd7+ 68. Kc6 Nxc5 69. Kxc5 b2 70. Kc4 Rc3+ 71. Kxd4
Rc1 0-1

[Event "Dutch Open 2010"]
[Site "Dieren NED"]
[Date "2010.03.08"]
[Round "8.20"]
[White "Von Meijenfeldt, Bart"]
[Black "Kabos, Tobias"]
[Result "1/2-1/2"]
[WhiteElo "2034"]
[BlackElo "2214"]
[PlyCount "81"]
[EventDate "2010.07.27"]
[EventType "swiss"]
[EventRounds "9"]
[EventCountry "NED"]
[Source "lmi"]
[SourceDate "2010.07.27"]

1. e4 c6 2. d4 d5 3. exd5 cxd5 4. Bd3 Nc6 5. c3 Qc7 6. Nf3 Bg4 7. Nbd2 Nf6 8.
Nf1 e6 9. Ng3 Nh5 10. O-O Bd6 11. Bd2 Bf4 12. h3 Bxd2 13. hxg4 Nxg3 14. Qxd2
Nxf1 15. Rxf1 O-O-O 16. Re1 Kb8 17. g3 Rde8 18. Bb5 f6 19. Kg2 a6 20. Bxc6 Qxc6
21. g5 Qd6 22. Qd3 e5 23. Qf5 e4 24. Nd2 fxg5 25. Qxg5 g6 26. Nf1 h6 27. Qh4 g5
28. Qh5 Ref8 29. Ne3 Qf6 30. Rf1 Rd8 31. Rh1 Qb6 32. Qe2 Qe6 33. Qg4 Qc6 34.
Qe2 Rdf8 35. Ng4 h5 36. Ne5 Qe8 37. c4 Qe6 38. Rxh5 Rxh5 39. Qxh5 dxc4 40. Qxg5
Rg8 41. Qf4 1/2-1/2

[Event "Dutch Open 2010"]
[Site "Dieren NED"]
[Date "2010.03.08"]
[Round "8.21"]
[White "Hachijan, Armen"]
[Black "Vereggen, Lars"]
[Result "1-0"]
[WhiteElo "2158"]
[BlackElo "1957"]
[PlyCount "159"]
[EventDate "2010.07.27"]
[EventType "swiss"]
[EventRounds "9"]
[EventCountry "NED"]
[Source "lmi"]
[SourceDate "2010.07.27"]

1. e4 c5 2. Nf3 d6 3. d4 cxd4 4. Nxd4 Nf6 5. Nc3 a6 6. f3 e6 7. Be3 b5 8. Qd2
Bb7 9. g4 Nfd7 10. O-O-O Nb6 11. Qf2 N8d7 12. Bd3 Nc5 13. Kb1 Be7 14. h4 Rc8
15. g5 b4 16. Nce2 Nba4 17. Rc1 Nxd3 18. cxd3 Nc5 19. Rcd1 a5 20. Nc1 a4 21.
Qg2 g6 22. Qd2 e5 23. Qxb4 Rb8 24. Qb5+ Kf8 25. Nc6 Qe8 26. Na7 Qxb5 27. Nxb5
d5 28. Bxc5 Bxc5 29. Nc3 Bd4 30. N1e2 Bc6 31. exd5 Ba8 32. Nxd4 exd4 33. Nxa4
Bxd5 34. Rhf1 h6 35. b3 hxg5 36. hxg5 Rh2 37. Rh1 Rxh1 38. Rxh1 Kg7 39. Rf1 Rh8
40. Nb6 Bc6 41. Nc4 Rh3 42. Nd2 Rg3 43. Ne4 Rg2 44. a4 Kf8 45. f4 Re2 46. Nc5
Ke7 47. b4 Kd6 48. f5 gxf5 49. Rxf5 Re1+ 50. Kb2 Re2+ 51. Kc1 Bd5 52. Rf6+ Ke7
53. Rf4 Rg2 54. Rxd4 Kd6 55. a5 Kc6 56. a6 Rxg5 57. Kd2 Rg2+ 58. Ke3 Ra2 59.
Kf4 Rf2+ 60. Kg5 f5 61. Na4 Rg2+ 62. Kxf5 Rg7 63. b5+ Kxb5 64. Nc3+ Kxa6 65.
Nxd5 Kb5 66. Nf6 Kc5 67. Rd8 Kc6 68. d4 Rg1 69. Rc8+ Kd6 70. Rd8+ Kc7 71. Rd7+
Kc8 72. Rh7 Rf1+ 73. Ke5 Kd8 74. d5 Rd1 75. Kd6 Kc8 76. Rh8+ Kb7 77. Kd7 Rf1
78. Rf8 Rg1 79. d6 Rg7+ 80. Ke8 1-0

[Event "Dutch Open 2010"]
[Site "Dieren NED"]
[Date "2010.03.08"]
[Round "8.22"]
[White "Zwirs, Nico"]
[Black "Shalnev, Nikolai"]
[Result "1/2-1/2"]
[WhiteElo "2059"]
[BlackElo "2436"]
[PlyCount "22"]
[EventDate "2010.07.27"]
[EventType "swiss"]
[EventRounds "9"]
[EventCountry "NED"]
[Source "lmi"]
[SourceDate "2010.07.27"]

1. e4 c5 2. Nf3 d6 3. d4 cxd4 4. Nxd4 Nf6 5. Nc3 a6 6. Bg5 e5 7. Nf5 Bxf5 8.
exf5 Nbd7 9. Bc4 Be7 10. O-O O-O 11. Qf3 b5 1/2-1/2

[Event "Dutch Open 2010"]
[Site "Dieren NED"]
[Date "2010.03.08"]
[Round "8.23"]
[White "De Ruiter, Danny"]
[Black "Afek, Yochanan"]
[Result "1-0"]
[WhiteElo "2116"]
[BlackElo "2310"]
[PlyCount "65"]
[EventDate "2010.07.27"]
[EventType "swiss"]
[EventRounds "9"]
[EventCountry "NED"]
[Source "lmi"]
[SourceDate "2010.07.27"]

1. d4 d5 2. c4 dxc4 3. e4 c5 4. d5 e6 5. Bxc4 Nf6 6. Nc3 exd5 7. Nxd5 Nxd5 8.
Bxd5 Be7 9. Ne2 O-O 10. O-O Nc6 11. Bxc6 bxc6 12. Qc2 Ba6 13. Rd1 Qc8 14. Ng3
g6 15. Bh6 Re8 16. Qc3 f6 17. Nf5 Qc7 18. Ng7 Reb8 19. Ne6 Qc8 20. Nxc5 Bxc5
21. Qxc5 Qe8 22. Qa5 Qc8 23. Rd6 Be2 24. Qc3 c5 25. Re1 Qc7 26. Rxf6 Bb5 27.
Bf4 Qe7 28. Bxb8 Rxb8 29. e5 Be8 30. b3 Rd8 31. Rd6 Rc8 32. Qc4+ Bf7 33. Qf4
1-0

[Event "Dutch Open 2010"]
[Site "Dieren NED"]
[Date "2010.03.08"]
[Round "8.24"]
[White "Mostertman, Milan"]
[Black "Ypma, Peter"]
[Result "1/2-1/2"]
[WhiteElo "2207"]
[BlackElo "2074"]
[PlyCount "117"]
[EventDate "2010.07.27"]
[EventType "swiss"]
[EventRounds "9"]
[EventCountry "NED"]
[Source "lmi"]
[SourceDate "2010.07.27"]

1. e4 e5 2. Nf3 Nc6 3. Bc4 Bc5 4. c3 Nf6 5. d3 d6 6. Bb3 a6 7. O-O O-O 8. Bg5
h6 9. Bh4 Ba7 10. h3 g5 11. Nxg5 hxg5 12. Bxg5 Kg7 13. Kh1 Rh8 14. f4 Bxh3 15.
gxh3 Rxh3+ 16. Kg2 Qh8 17. Bxf6+ Kxf6 18. fxe5+ Ke7 19. Rxf7+ Ke8 20. Qg4 Rh2+
21. Kg3 Qxe5+ 22. Rf4 Rf2 23. d4 Nxd4 24. cxd4 Bxd4 25. Nc3 Rxf4 26. Qxf4 Bxc3
27. bxc3 Qxc3+ 28. Kg2 Qb2+ 29. Kg3 Qxa1 30. Qf7+ Kd8 31. Be6 Qg1+ 32. Kh4 Qe1+
33. Kh5 Qe2+ 34. Kh6 Qb5 35. Qf6+ Ke8 36. Qf7+ Kd8 37. Qf6+ Ke8 38. a4 Qxa4 39.
Qf7+ Kd8 40. Qf6+ Ke8 41. Bf7+ Kd7 42. Qe6+ Kd8 43. Bg6 c5 44. Qxd6+ Qd7 45.
Qf8+ Kc7 46. Qxa8 Qd8 47. Qxd8+ Kxd8 48. Kg5 Ke7 49. Kf4 a5 50. e5 a4 51. Bc2
b5 52. Ke4 Ke6 53. Bb1 a3 54. Ba2+ c4 55. Kd4 Ke7 56. Kc3 Ke6 57. Kd4 Ke7 58.
Bb1 Ke6 59. Ba2 1/2-1/2

[Event "Dutch Open 2010"]
[Site "Dieren NED"]
[Date "2010.03.08"]
[Round "8.25"]
[White "Vogel, Jaap"]
[Black "Beerdsen, Thomas"]
[Result "1/2-1/2"]
[WhiteElo "2184"]
[BlackElo "1976"]
[PlyCount "52"]
[EventDate "2010.07.27"]
[EventType "swiss"]
[EventRounds "9"]
[EventCountry "NED"]
[Source "lmi"]
[SourceDate "2010.07.27"]

1. Nf3 c5 2. g3 d5 3. Bg2 Nc6 4. d4 Nf6 5. O-O e6 6. c4 dxc4 7. Qa4 Bd7 8. Qxc4
cxd4 9. Nxd4 Rc8 10. Nc3 Nxd4 11. Qxd4 Bc5 12. Qh4 Bc6 13. Bg5 Bxg2 14. Kxg2
Be7 15. Qa4+ Qd7 16. Qxa7 O-O 17. Rad1 Qc6+ 18. Kg1 Ra8 19. Qe3 Rfd8 20. a3 h6
21. Bxf6 Bxf6 22. Rxd8+ Rxd8 23. Rd1 Rxd1+ 24. Nxd1 Qc2 25. Qd3 Qc1 26. Kg2
Bxb2 1/2-1/2

[Event "Dutch Open 2010"]
[Site "Dieren NED"]
[Date "2010.08.05"]
[Round "9.1"]
[White "Brandenburg, Daan"]
[Black "Fargere, Francois"]
[Result "1/2-1/2"]
[WhiteElo "2514"]
[BlackElo "2478"]
[PlyCount "94"]
[EventDate "2010.07.27"]
[EventType "swiss"]
[EventRounds "9"]
[EventCountry "NED"]
[Source "lmi"]
[SourceDate "2010.07.27"]

1. e4 c5 2. c3 Nf6 3. e5 Nd5 4. Nf3 e6 5. Bc4 d6 6. d4 cxd4 7. cxd4 Nb6 8. Bd3
dxe5 9. dxe5 N8d7 10. Qe2 Nc5 11. Bc2 Nd5 12. O-O Bd7 13. Rd1 Be7 14. Nbd2 Qb6
15. Ne4 Bb5 16. Qe1 O-O 17. Bg5 Bc6 18. Rac1 Bxg5 19. Nfxg5 h6 20. Nf3 Nxe4 21.
Qxe4 Nf6 22. Qd4 Nd7 23. Qd3 g6 24. Nd4 Bd5 25. Qe3 Kg7 26. f4 Rac8 27. h4 Qxb2
28. f5 exf5 29. Rb1 Qxa2 30. Ra1 Qb2 31. Rab1 Qa2 32. Ra1 Qb2 33. Rab1 Qc3 34.
Qf4 Nb6 35. Bxf5 Rce8 36. Rbc1 Qb2 37. Rc2 Qa3 38. Bd3 Qe7 39. Re1 Be6 40. Qg3
Rd8 41. Re4 h5 42. Rf2 Nd5 43. Kh2 a6 44. Bc4 Rd7 45. Bb3 b5 46. Re1 Qc5 47.
Rd2 Kh7 1/2-1/2

[Event "Dutch Open 2010"]
[Site "Dieren NED"]
[Date "2010.08.05"]
[Round "9.4"]
[White "L'Ami, Erwin"]
[Black "Pruijssers, Roeland"]
[Result "1-0"]
[WhiteElo "2620"]
[BlackElo "2462"]
[PlyCount "79"]
[EventDate "2010.07.27"]
[EventType "swiss"]
[EventRounds "9"]
[EventCountry "NED"]
[Source "lmi"]
[SourceDate "2010.07.27"]

1. d4 Nf6 2. c4 g6 3. Nf3 Bg7 4. g3 O-O 5. Bg2 d6 6. O-O Nbd7 7. Nc3 e5 8. e4
a6 9. Qc2 Rb8 10. Rd1 exd4 11. Nxd4 Re8 12. h3 Qe7 13. Bg5 c6 14. b3 h6 15. Bf4
Ne5 16. a4 a5 17. Bc1 Ned7 18. Bb2 Nc5 19. Re1 Qc7 20. Rad1 Qb6 21. Kh2 Nfd7
22. f4 h5 23. Nce2 Nf8 24. Nc1 Nh7 25. Nd3 Nxa4 26. bxa4 Bxd4 27. Bxd4 Qxd4 28.
f5 h4 29. gxh4 gxf5 30. Nf4 Qf6 31. Qf2 fxe4 32. Bxe4 Bf5 33. Nh5 Qe5+ 34. Ng3
Bxe4 35. Rxe4 Qc5 36. Rg4+ Kf8 37. Rdd4 Qe5 38. Rdf4 f6 39. Qc2 Re7 40. Re4 1-0

[Event "Dutch Open 2010"]
[Site "Dieren NED"]
[Date "2010.08.05"]
[Round "9.5"]
[White "Swinkels, Robin"]
[Black "Ikonnikov, Vyacheslav"]
[Result "1-0"]
[WhiteElo "2483"]
[BlackElo "2578"]
[PlyCount "97"]
[EventDate "2010.07.27"]
[EventType "swiss"]
[EventRounds "9"]
[EventCountry "NED"]
[Source "lmi"]
[SourceDate "2010.07.27"]

1. d4 Nf6 2. c4 e6 3. g3 Bb4+ 4. Bd2 Qe7 5. Nf3 Nc6 6. Nc3 O-O 7. Bg2 d6 8. O-O
Bxc3 9. Bxc3 Ne4 10. Be1 f5 11. b4 a5 12. b5 Nd8 13. Rc1 b6 14. Nd2 Nxd2 15.
Bxd2 Bb7 16. c5 Bxg2 17. Kxg2 Qf6 18. cxb6 cxb6 19. Be3 Rb8 20. Qd2 Qf7 21. Bf4
Qb7+ 22. f3 Qd5 23. a4 Nf7 24. Rc6 h6 25. h4 Rfc8 26. Rfc1 Rxc6 27. Rxc6 Kf8
28. h5 Rb7 29. Qc3 Qa2 30. Qc4 Qxc4 31. Rxc4 Ke7 32. Rc6 Kd7 33. e4 fxe4 34.
fxe4 Rc7 35. d5 exd5 36. exd5 Rc8 37. Kf3 Rf8 38. Ke4 Re8+ 39. Kf5 Ne5 40. Rxb6
Rf8+ 41. Ke4 Re8 42. Rb7+ Kc8 43. Rxg7 Nd7+ 44. Kf3 Nb6 45. Bxd6 Nxd5 46. Bf4
Re1 47. Bxh6 Rf1+ 48. Kg2 Ra1 49. Bg5 1-0

[Event "Dutch Open 2010"]
[Site "Dieren NED"]
[Date "2010.08.05"]
[Round "9.6"]
[White "De Jong, Migchiel"]
[Black "Milov, Leonid"]
[Result "0-1"]
[WhiteElo "2358"]
[BlackElo "2562"]
[PlyCount "166"]
[EventDate "2010.07.27"]
[EventType "swiss"]
[EventRounds "9"]
[EventCountry "NED"]
[Source "lmi"]
[SourceDate "2010.07.27"]

1. e4 c5 2. Nf3 e6 3. d4 cxd4 4. Nxd4 Nc6 5. g3 d6 6. Bg2 Bd7 7. O-O Nf6 8. c4
a6 9. Nc3 Rc8 10. b3 Be7 11. Nde2 Ne5 12. a4 O-O 13. h3 Bc6 14. Be3 b6 15. f4
Ned7 16. g4 h6 17. Nd4 Ne8 18. Nxc6 Rxc6 19. Qe2 Rc8 20. Rfd1 Qc7 21. Rac1 g5
22. Qd2 gxf4 23. Bxf4 Qc5+ 24. Kh1 Bg5 25. e5 Bxf4 26. Qxf4 Qxe5 27. Qxh6 Nc5
28. Re1 Qg7 29. Qxg7+ Kxg7 30. Rb1 d5 31. Red1 dxc4 32. bxc4 Nf6 33. Rxb6 Nfd7
34. Rbd6 Ne5 35. Bf1 Rb8 36. Re1 Ned7 37. a5 Rfc8 38. g5 Rb3 39. Na4 Nxa4 40.
Rxd7 Nc5 41. Ra7 Ra3 42. Bg2 Rxa5 43. Rf1 Rf8 44. Rc7 Nb3 45. Rb1 Rc5 46. Ra7
Nd2 47. Rc1 Rxc4 48. Rxc4 Nxc4 49. Be4 Nd2 50. Bg2 Kg6 51. Rd7 Nb3 52. Rd3 Rb8
53. h4 a5 54. Bc6 Rb4 55. Rh3 a4 56. h5+ Kxg5 57. h6 Rb8 58. Bxa4 Nd4 59. h7
Rh8 60. Be8 Kf6 61. Kg2 Nf5 62. Ba4 Ne7 63. Bc2 Ng6 64. Kf3 Kg7 65. Rg3 Rxh7
66. Bxg6 fxg6 67. Ke4 Rh5 68. Ra3 Rf5 69. Ra7+ Kf6 70. Ra8 g5 71. Rf8+ Kg6 72.
Rb8 g4 73. Rg8+ Kh5 74. Rh8+ Kg5 75. Rg8+ Kh4 76. Rg6 g3 77. Rxe6 Rf8 78. Ke3
g2 79. Rg6 Kh3 80. Rh6+ Kg3 81. Rg6+ Kh2 82. Rh6+ Kg1 83. Ra6 Rh8 0-1

[Event "Dutch Open 2010"]
[Site "Dieren NED"]
[Date "2010.08.05"]
[Round "9.7"]
[White "Zoler, Dan"]
[Black "Haub, Thorsten Michael"]
[Result "1-0"]
[WhiteElo "2474"]
[BlackElo "2518"]
[PlyCount "55"]
[EventDate "2010.07.27"]
[EventType "swiss"]
[EventRounds "9"]
[EventCountry "NED"]
[Source "lmi"]
[SourceDate "2010.07.27"]

1. d4 g6 2. c4 Bg7 3. Nf3 d6 4. g3 f5 5. Bg2 Nf6 6. O-O O-O 7. Nc3 c6 8. b3 Na6
9. Bb2 Qe8 10. d5 Bd7 11. Nd4 Nc5 12. b4 Nce4 13. Qd3 Qf7 14. dxc6 bxc6 15. b5
cxb5 16. cxb5 e5 17. Nc6 Bxc6 18. bxc6 d5 19. Nxe4 Nxe4 20. Rfd1 Rab8 21. Ba3
Rfd8 22. Rac1 Qc7 23. Be7 Qxe7 24. c7 Rbc8 25. cxd8=Q+ Rxd8 26. Bxe4 fxe4 27.
Qb3 Qd6 28. Rxd5 1-0

[Event "Dutch Open 2010"]
[Site "Dieren NED"]
[Date "2010.08.05"]
[Round "9.8"]
[White "Neverov, Valeriy"]
[Black "Pedersen, Nicolai Vesterba"]
[Result "1/2-1/2"]
[WhiteElo "2544"]
[BlackElo "2461"]
[PlyCount "166"]
[EventDate "2010.07.27"]
[EventType "swiss"]
[EventRounds "9"]
[EventCountry "NED"]
[Source "lmi"]
[SourceDate "2010.07.27"]

1. d4 Nf6 2. c4 c5 3. d5 b5 4. cxb5 a6 5. bxa6 g6 6. Nc3 Bxa6 7. Nf3 d6 8. g3
Bg7 9. Bg2 Nfd7 10. O-O Nb6 11. Qc2 N8d7 12. Rd1 O-O 13. Rb1 Nc4 14. Nd2 Qa5
15. Nxc4 Bxc4 16. Bd2 Bxc3 17. Bxc3 Qxa2 18. Qd2 Nb6 19. Qh6 f6 20. Qe3 Rf7 21.
b3 Bxb3 22. Rdc1 Nxd5 23. Qf3 Nxc3 24. Qxc3 Rb8 25. Rb2 Qa4 26. Rcb1 c4 27. Bd5
Rbf8 28. Rd2 Kg7 29. Be6 Ra8 30. Bxf7 Kxf7 31. Rd5 Qc6 32. e4 Qb6 33. Kg2 Ra2
34. Rb2 Rxb2 35. Qxb2 c3 36. Qxc3 Bxd5 37. exd5 Qb1 38. Qd4 Qe1 39. h4 Qe5 40.
Qd2 Kg7 41. Kg1 Qe4 42. Qa5 Kf7 43. Qd2 Kg7 44. Qa5 Qb1+ 45. Kg2 Qd3 46. Qa8 g5
47. hxg5 fxg5 48. g4 Qe2 49. Qa1+ Kf7 50. Qd4 h5 51. gxh5 Qxh5 52. f3 Qh7 53.
Qg4 Qg6 54. Kg3 Qf6 55. Kg2 Qb2+ 56. Kh3 Qe5 57. Qh5+ Kg7 58. Qe8 Qf5+ 59. Kg2
Qf7 60. Qc6 Kg6 61. Qc7 g4 62. fxg4 Qxd5+ 63. Kg3 Qe5+ 64. Kf3 Qf6+ 65. Kg3 d5
66. Qc2+ Kg7 67. Qc7 d4 68. Qc5 d3 69. Qd5 Qc3 70. Kf3 Qc2 71. Qg5+ Kf7 72.
Qf5+ Ke8 73. Ke3 Qe2+ 74. Kd4 e5+ 75. Kd5 Qa2+ 76. Ke4 d2 77. Qxe5+ Kf7 78.
Qc7+ Kg6 79. Qd6+ Kf7 80. Qd7+ Kf6 81. Ke3 Qc2 82. Qxd2 Qxd2+ 83. Kxd2 Kg5
1/2-1/2

[Event "Dutch Open 2010"]
[Site "Dieren NED"]
[Date "2010.08.05"]
[Round "9.9"]
[White "Zelbel, Patrick"]
[Black "Visser, Yge"]
[Result "0-1"]
[WhiteElo "2345"]
[BlackElo "2469"]
[PlyCount "84"]
[EventDate "2010.07.27"]
[EventType "swiss"]
[EventRounds "9"]
[EventCountry "NED"]
[Source "lmi"]
[SourceDate "2010.07.27"]

1. d4 Nf6 2. Nf3 g6 3. c4 Bg7 4. Nc3 O-O 5. e4 d6 6. h3 a6 7. Bg5 c6 8. Be2 b5
9. a3 Nbd7 10. O-O e5 11. c5 h6 12. Be3 Qc7 13. dxe5 dxe5 14. Qd2 Rd8 15. Rfd1
Bb7 16. Qc1 Kh7 17. b4 Nf8 18. Ra2 Ne6 19. Rad2 Rxd2 20. Rxd2 a5 21. Bd1 Ne8
22. Bb3 Bc8 23. Qd1 Qe7 24. Qc2 Qf6 25. Ne2 axb4 26. axb4 N6c7 27. Ne1 Be6 28.
Qc3 Ra3 29. Nc1 Qh4 30. Qb2 Ra7 31. Nf3 Qxe4 32. Bc2 Qc4 33. Bd3 e4 34. Bxc4
Bxb2 35. Rxb2 exf3 36. Bxe6 Nxe6 37. gxf3 N8c7 38. Nd3 f6 39. Kf1 Ra3 40. Ke2
Nd5 41. Kd2 g5 42. Nc1 f5 0-1

[Event "Dutch Open 2010"]
[Site "Dieren NED"]
[Date "2010.08.05"]
[Round "9.10"]
[White "Odendahl, Reiner"]
[Black "Michalczak, Thomas"]
[Result "1/2-1/2"]
[WhiteElo "2382"]
[BlackElo "2367"]
[PlyCount "54"]
[EventDate "2010.07.27"]
[EventType "swiss"]
[EventRounds "9"]
[EventCountry "NED"]
[Source "lmi"]
[SourceDate "2010.07.27"]

1. c4 e5 2. Nc3 Nc6 3. Nf3 f5 4. d4 e4 5. Ng1 Bb4 6. Nh3 Nf6 7. Bg5 h6 8. Bxf6
Qxf6 9. e3 Bxc3+ 10. bxc3 g5 11. Qh5+ Qf7 12. Qxf7+ Kxf7 13. f3 exf3 14. gxf3
d6 15. Nf2 b6 16. Nd3 Na5 17. Nb2 Ba6 18. Bd3 Rae8 19. Kf2 Kf6 20. Rae1 c5 21.
h4 Rc8 22. hxg5+ hxg5 23. Kg3 Rxh1 24. Rxh1 cxd4 25. cxd4 Nxc4 26. Rh6+ Kg7 27.
Bxf5 Kxh6 1/2-1/2

[Event "Dutch Open 2010"]
[Site "Dieren NED"]
[Date "2010.08.05"]
[Round "9.11"]
[White "Hachijan, Armen"]
[Black "Siebrecht, Sebastian"]
[Result "0-1"]
[WhiteElo "2158"]
[BlackElo "2417"]
[PlyCount "62"]
[EventDate "2010.07.27"]
[EventType "swiss"]
[EventRounds "9"]
[EventCountry "NED"]
[Source "lmi"]
[SourceDate "2010.07.27"]

1. e4 c5 2. Nf3 e6 3. d4 cxd4 4. Nxd4 a6 5. Bd3 Bc5 6. Nb3 Be7 7. Qg4 Bf6 8.
Nc3 Nc6 9. Bd2 Nge7 10. f4 d6 11. O-O-O b5 12. a3 b4 13. axb4 Nxb4 14. e5 Nxd3+
15. cxd3 dxe5 16. fxe5 Bxe5 17. Qe4 Bxc3 18. Qxa8 Bf6 19. Ba5 Qd7 20. Qb8 O-O
21. Qc7 Qa4 22. Qc4 Qa2 23. Bc3 Bxc3 24. bxc3 Bd7 25. Nd4 Qxg2 26. Qc5 Rb8 27.
Nc2 Ba4 28. Nb4 Bxd1 29. Rxd1 Rc8 30. Qe5 Ng6 31. Qe1 Qxh2 0-1

[Event "Dutch Open 2010"]
[Site "Dieren NED"]
[Date "2010.08.05"]
[Round "9.12"]
[White "Heemskerk, Wim"]
[Black "Miedema, David"]
[Result "1/2-1/2"]
[WhiteElo "2249"]
[BlackElo "2414"]
[PlyCount "68"]
[EventDate "2010.07.27"]
[EventType "swiss"]
[EventRounds "9"]
[EventCountry "NED"]
[Source "lmi"]
[SourceDate "2010.07.27"]

1. Nf3 Nf6 2. c4 e6 3. g3 d5 4. d4 dxc4 5. Qa4+ Nbd7 6. Bg2 a6 7. Qxc4 b5 8.
Qc6 Rb8 9. Bf4 Nd5 10. Bg5 Be7 11. Bxe7 Qxe7 12. Nc3 Nxc3 13. bxc3 Qd6 14. Ne5
Bb7 15. Qxd7+ Qxd7 16. Nxd7 Kxd7 17. O-O Bxg2 18. Kxg2 Rb6 19. a4 Rc6 20. axb5
axb5 21. Rfb1 Rb8 22. Ra5 Rcb6 23. Rb4 R6b7 24. c4 c6 25. Ra6 g5 26. Kf3 h5 27.
Ke4 f6 28. f4 bxc4 29. Rxc4 Rb6 30. Rxb6 Rxb6 31. fxg5 fxg5 32. Rc5 Rb2 33. e3
h4 34. Rxg5 Rxh2 1/2-1/2

[Event "Dutch Open 2010"]
[Site "Dieren NED"]
[Date "2010.08.05"]
[Round "9.13"]
[White "Van Delft, Merijn"]
[Black "Rietveld, Renze"]
[Result "1-0"]
[WhiteElo "2364"]
[BlackElo "2238"]
[PlyCount "49"]
[EventDate "2010.07.27"]
[EventType "swiss"]
[EventRounds "9"]
[EventCountry "NED"]
[Source "lmi"]
[SourceDate "2010.07.27"]

1. e4 c5 2. Nf3 d6 3. d4 cxd4 4. Nxd4 Nf6 5. Nc3 a6 6. Bg5 e6 7. f4 b5 8. e5
dxe5 9. fxe5 Qc7 10. exf6 Qe5+ 11. Be2 Qxg5 12. O-O Ra7 13. Qd3 Rd7 14. Ne4 Qe5
15. Nf3 Qxb2 16. Qe3 Bb7 17. Rab1 Qxc2 18. Nfg5 h6 19. Rbc1 Qxa2 20. Nxf7 Rxf7
21. Bh5 g6 22. Bxg6 Nd7 23. Qa7 Bc5+ 24. Rxc5 Nxc5 25. Qxc5 1-0

[Event "Dutch Open 2010"]
[Site "Dieren NED"]
[Date "2010.08.05"]
[Round "9.14"]
[White "Kollen, Zyon"]
[Black "Huhndorf, Arnold"]
[Result "1/2-1/2"]
[WhiteElo "2002"]
[BlackElo "2311"]
[PlyCount "55"]
[EventDate "2010.07.27"]
[EventType "swiss"]
[EventRounds "9"]
[EventCountry "NED"]
[Source "lmi"]
[SourceDate "2010.07.27"]

1. e4 e6 2. d4 d5 3. Nc3 Bb4 4. e5 c5 5. a3 Bxc3+ 6. bxc3 Qc7 7. Nf3 Ne7 8. a4
b6 9. Bb5+ Bd7 10. Bd3 Nbc6 11. O-O h6 12. Ba3 Na5 13. c4 Nxc4 14. Bxc4 dxc4
15. dxc5 bxc5 16. Qe2 O-O 17. Qxc4 Rfc8 18. Rfd1 Nd5 19. Qg4 Rab8 20. Bc1 Rb4
21. c4 Kf8 22. Qh5 Rxc4 23. Bxh6 gxh6 24. Qxh6+ Ke8 25. Rxd5 exd5 26. Qh8+ Ke7
27. Qf6+ Ke8 28. Qh8+ 1/2-1/2

[Event "Dutch Open 2010"]
[Site "Dieren NED"]
[Date "2010.08.05"]
[Round "9.15"]
[White "Klein, David"]
[Black "De Wilde, Rik"]
[Result "1-0"]
[WhiteElo "2297"]
[BlackElo "1956"]
[PlyCount "111"]
[EventDate "2010.07.27"]
[EventType "swiss"]
[EventRounds "9"]
[EventCountry "NED"]
[Source "lmi"]
[SourceDate "2010.07.27"]

1. e4 e6 2. d4 d5 3. Nd2 Nf6 4. e5 Nfd7 5. c3 c5 6. Bd3 Nc6 7. Ngf3 Be7 8. O-O
g5 9. dxc5 Ndxe5 10. Nxe5 Nxe5 11. Nb3 Qc7 12. f4 Bxc5+ 13. Nxc5 Qxc5+ 14. Kh1
Nxd3 15. Qxd3 Bd7 16. Be3 Bb5 17. Qd2 Qe7 18. Rf2 g4 19. f5 Rg8 20. Bf4 h5 21.
fxe6 fxe6 22. Be5 Qc5 23. Bd4 Qd6 24. a4 Bc4 25. b3 Ba6 26. Qe3 g3 27. Rf6
O-O-O 28. Rxe6 Qf8 29. hxg3 h4 30. gxh4 Bf1 31. Rf6 Bxg2+ 32. Kh2 Qe8 33. Bxa7
Qxe3 34. Bxe3 Rde8 35. Bg5 Re2 36. Kg3 Be4 37. Rc1 Kd7 38. Kh3 Bg2+ 39. Kg4 Be4
40. Rcf1 Rg2+ 41. Kh3 Rc2 42. Rf7+ Kc8 43. Rf8+ Rxf8 44. Rxf8+ Kc7 45. Bf6 Ra2
46. Be5+ Kd7 47. Rb8 Ke6 48. Bd4 Kf5 49. Rf8+ Kg6 50. Rf6+ Kh5 51. Be3 Bg6 52.
Rf8 Bh7 53. Rh8 Kg6 54. h5+ Kg7 55. Rb8 Kf6 56. Rxb7 1-0

[Event "Dutch Open 2010"]
[Site "Dieren NED"]
[Date "2010.08.05"]
[Round "9.16"]
[White "Diepeveen, Vincent"]
[Black "Von Meijenfeldt, Bart"]
[Result "0-1"]
[WhiteElo "2294"]
[BlackElo "2034"]
[PlyCount "46"]
[EventDate "2010.07.27"]
[EventType "swiss"]
[EventRounds "9"]
[EventCountry "NED"]
[Source "lmi"]
[SourceDate "2010.07.27"]

1. d4 Nf6 2. Nc3 d5 3. f3 e6 4. e4 Bb4 5. e5 Nfd7 6. a3 Bxc3+ 7. bxc3 c5 8. g3
Nc6 9. Ne2 O-O 10. Bg2 f6 11. exf6 Qxf6 12. O-O b6 13. c4 Ba6 14. cxd5 Nxd4 15.
Nxd4 Bxf1 16. Kxf1 cxd4 17. Bb2 e5 18. c3 e4 19. c4 exf3 20. Bh3 Nc5 21. Kg1
Qh6 22. Qxd4 f2+ 23. Kh1 Nb3 0-1

[Event "Dutch Open 2010"]
[Site "Dieren NED"]
[Date "2010.08.05"]
[Round "9.17"]
[White "Rijnaarts, Sjef"]
[Black "Goudriaan, Etienne"]
[Result "1-0"]
[WhiteElo "2264"]
[BlackElo "2223"]
[PlyCount "77"]
[EventDate "2010.07.27"]
[EventType "swiss"]
[EventRounds "9"]
[EventCountry "NED"]
[Source "lmi"]
[SourceDate "2010.07.27"]

1. e4 c5 2. Nf3 d6 3. d4 cxd4 4. Nxd4 Nf6 5. Nc3 a6 6. Bg5 e6 7. f4 Nc6 8. Qd2
h6 9. Bxf6 Qxf6 10. Nxc6 bxc6 11. O-O-O d5 12. Na4 Rb8 13. c4 Bd7 14. e5 Qd8
15. c5 a5 16. a3 Be7 17. Bd3 Qc7 18. Rde1 Rf8 19. h4 f6 20. exf6 Rxf6 21. Re5
Qb7 22. f5 Qb3 23. Bc2 Qg3 24. Rhe1 Qxh4 25. fxe6 Bc8 26. Qxa5 Rf2 27. Bg6+ Kf8
28. Qa7 Qc4+ 29. Kb1 Qb3 30. Rf5+ Rxf5 31. Bxf5 Rb7 32. Qa8 Rb8 33. Qxc6 Bb7
34. Qc7 Rc8 35. Qf4 Qc4 36. Qf3 Kg8 37. Nb6 Qd4 38. Nxc8 Bf6 39. Qb3 1-0